Byene/Tettstedene i Vestfold over 2,000 innbyggere - Statistics

General Stats
  • This quiz has been taken 38 times
  • The average score is 11 of 18
Answer Stats
Befolkning By % Correct
51,571 Tønsberg
100%
24,208 Larvik
97%
7,262 Holmestrand
93%
20,371 Horten
93%
2,254 Sande
93%
43,595 Sandefjord
93%
5,628 Stavern
73%
3,091 Åsgårdstrand
70%
3,631 Stokke
63%
2,403 Revetal / Bergsåsen
57%
3,955 Svelvik
57%
2,945 Tjøme
57%
2,207 Andebu
53%
2,481 Sem
37%
2,113 Melsomvik
33%
2,038 Gullhaug
13%
3,642 Vear
13%
2,685 Selvik
7%
No matching quizzes found
Score Distribution
Percent of People with Each Score
Percentile by Number Answered
Your Score History
You have not taken this quiz